00480 2200193 4500001002100000005001500021008004100036020001800077035001900095041000700114082000800121090001400129100001700143245002700160260003500187300002600222500001100248650002700259INLIS00000000002282120241224131351241224||||||||| | ||| |||| || |  a979-3417-79-x 0010-1224022821 aid0 a813 a813 HAR p0 aEko Harianto00aPsikologi Cinta Sejati aYogyakartabPrismasophiec2005 a19,5x12 xm, 104 hlm.; aCet. 1 0aNovel -- Kesusasteraan